000 01101nam a2200301Ia 4500
005 20170612113247.0
010 _aBAC-EN21 ENG-111561
020 _a9788131519660
_c475.00
020 _a813151966x
_c475.00
020 _a9788131519660
_c550.00 (AV)
035 _aB-586173-203
035 _aEN-95093
035 _aB-669647
037 _bAsian Book Centre/Ven
_adpl
037 _bDBAD/PUB
082 _a621.3
100 _aPrasad, P.V.
245 _aBasic electrical and electronics engineering /
_cby P.V.Prasad,S.Sivanagaraju [and] R.Prasad
260 _c2013
_aDelhi
_bCengage Learning
270 _a418, F.I.E., Patparganj
_bDelhi
_e110092
300 _c24cm(pbk)
_axiii,822p.:
_bill.
500 _aIncludes index
700 _aSivanagaraju,S.
700 _aPrasad,R.
942 _cEN
_2ddc
_mPRA
_h621.3
999 _c88841
_d88841